Aero Dili Destinations - Statistics

General Stats
  • This quiz has been taken 26 times
  • The average score is 3 of 5
Answer Stats
Country Destination % Correct
East Timor Dili
85%
Singapore Singapore
85%
Indonesia Denpasar
80%
China Xiamen
30%
East Timor Oecusse
5%
No matching quizzes found
Score Distribution
Percent of People with Each Score
Percentile by Number Answered
Your Score History
You have not taken this quiz